00281nam a2200109Ia 4500008004100000041000800041082002500049100002000074245002500094260004400119300000800163230411s9999 xx 000 0 und d aeng aB/612.015/INA/B01440 aInamdar Madhuri aChemistry for Nurses bVora Medical PublicationsaMumbaic2001 a70p